Normal view
MARC view
Entry Término temático
001 - NÚMERO DE CONTROL
- campo de control: 19726
003 - IDENTIFICADOR DEL NÚMERO DE CONTROL
- campo de control: OSt
005 - FECHA Y HORA DE LA ÚLTIMA TRANSACCIÓN
- campo de control: 20200615032704.0
008 - DATOS DE LONGITUD FIJA
- campo de control de longitud fija: 200615|| aca||aabn | a|a d
040 ## - FUENTE DE LA CATALOGACIÓN
- Centro catalogador/agencia de origen: OSt
- Centro/agencia transcriptor: OSt
150 ## - ENCABEZAMIENTO--TÉRMINO DE MATERIA
- Término de materia o nombre geográfico como elemento de entrada: UNIVERSIDADES
- Subdivisión general: FINES Y OBJETIVOS
- Subdivisión geográfica: REPÚBLICA DOMINICANA
- Subdivisión general: CONGRESOS, CONFERENCIAS, ETC
670 ## - FUENTE DE DATOS ENCONTRADOS
- Cita de la fuente: Work cat.: (OSt)6889: Encuentro de rectores "Universidades dominicanas hacia el 2000" (1º. : 1992 mar. 13 : Santo Domingo) 19725, Ponencias /, 1982.
